000 00203 a2200097 4500
001 6448
100 _aAhmad, J
245 _aGlimpses of Quaid-e-Azam
260 _a
_bEducational
_c
090 _c5307
_d5307
942 _aNUST-CAE
_cM
_c31720
999 _c241521
_d241521